000 00359nam a22001217a 4500
082 _a330.95491
100 _aState Bank of Pakistan
245 _aBanking Statistics of Pakistan 2003-2004
_cState Bank of Pakistan
260 _aKarachi
_bSBP Printing Press
_c2005
300 _a507p
942 _2ddc
_cBK
999 _c586074
_d586074